[Event "URS-ch FL51"]
[Site "Tallinn"]
[Date "1983.??.??"]
[Round "?"]
[White "Kharitonov, Andrei"]
[Black "Oll, Lembit"]
[Result "1/2-1/2"]
[WhiteElo "2440"]
[BlackElo "2445"]
[PlyCount "73"]
[EventDate "1983.12.??"]
[EventType "tourn"]
[EventRounds "17"]
[EventCountry "URS"]
[EventCategory "9"]
[Source "ChessBase"]
[SourceDate "1999.07.01"]

1. d4 Nf6 2. Nf3 d5 3. c4 e6 4. Nc3 Bb4 5. cxd5 exd5 6. Qa4+ Nc6 7. Bg5 h6 8.
Bxf6 Qxf6 9. e3 O-O 10. Be2 Qd6 11. O-O Bf5 12. Rfc1 Bxc3 13. Rxc3 Ne7 14. Rac1
c6 15. b4 a6 16. Qa5 Bg4 17. Qb6 Rfc8 18. a4 Qd8 19. Qxd8+ Rxd8 20. Bd3 Bxf3
21. gxf3 Kf8 22. Kg2 Ke8 23. h4 h5 24. f4 Rd6 25. Kf3 g6 26. Ra3 Kd7 27. Raa1
Kc7 28. Rg1 f5 29. Rg5 Rf6 30. Ke2 Rd6 31. Kd2 Rf6 32. Kc3 Rd6 33. Kb3 Rf6 34.
Ra2 Rff8 35. Rg1 Rfd8 36. Rga1 Kb6 37. Rg1 1/2-1/2

[Event "URS-ch FL51"]
[Site "Tallinn"]
[Date "1983.??.??"]
[Round "?"]
[White "Kholmov, Ratmir"]
[Black "Oll, Lembit"]
[Result "1/2-1/2"]
[WhiteElo "2475"]
[BlackElo "2445"]
[PlyCount "87"]
[EventDate "1983.12.??"]
[EventType "tourn"]
[EventRounds "17"]
[EventCountry "URS"]
[EventCategory "9"]
[Source "ChessBase"]
[SourceDate "1999.07.01"]

1. e4 c6 2. d4 d5 3. Nc3 dxe4 4. Nxe4 Nd7 5. Bc4 Ngf6 6. Nxf6+ Nxf6 7. c3 Qc7
8. Nf3 Bf5 9. O-O e6 10. Re1 Bd6 11. Qe2 Nd5 12. Bd2 O-O 13. Rad1 Nf4 14. Bxf4
Bxf4 15. g3 Bd6 16. Bd3 Qa5 17. Bxf5 Qxf5 18. Kg2 Rfd8 19. b3 h6 20. Rd3 a5 21.
Red1 Bc7 22. Nh4 Qd5+ 23. Kg1 b5 24. Ng2 a4 25. b4 Rd7 26. Ne3 Qe4 27. Qh5 e5
28. d5 Rad8 29. Qf5 Qxf5 30. Nxf5 e4 31. Rd4 cxd5 32. Rxd5 Rxd5 33. Rxd5 Rxd5
34. Ne7+ Kf8 35. Nxd5 Be5 36. f4 exf3 37. Kf2 f5 38. Kxf3 Kf7 39. c4 bxc4 40.
Nb6 c3 41. Ke2 f4 42. gxf4 Bxf4 43. Kd3 Bxh2 44. Nxa4 1/2-1/2

[Event "URS-ch FL51"]
[Site "Tallinn"]
[Date "1983.??.??"]
[Round "?"]
[White "Korzubov, Peter"]
[Black "Oll, Lembit"]
[Result "1-0"]
[WhiteElo "2450"]
[BlackElo "2445"]
[PlyCount "59"]
[EventDate "1983.12.??"]
[EventType "tourn"]
[EventRounds "17"]
[EventCountry "URS"]
[EventCategory "9"]
[Source "ChessBase"]
[SourceDate "1999.07.01"]

1. e4 c5 2. d3 e6 3. f4 d5 4. Be2 Nf6 5. e5 Nfd7 6. c3 f6 7. Nf3 Nc6 8. d4 Qb6
9. O-O cxd4 10. cxd4 fxe5 11. fxe5 Ndxe5 12. Nxe5 Nxe5 13. Nc3 Nc6 14. Bb5 Bd7
15. Bxc6 bxc6 16. Bg5 e5 17. Na4 Qb4 18. a3 Qd6 19. dxe5 Qg6 20. Be3 Bf5 21.
Qf3 Bd3 22. Rf2 Be7 23. Bc5 Bh4 24. g3 Rb8 25. Bd6 Rb5 26. Nc5 Rxc5 27. Bxc5
Bd8 28. e6 Be7 29. Bxe7 Kxe7 30. Qe3 1-0

[Event "URS-ch FL51"]
[Site "Tallinn"]
[Date "1983.??.??"]
[Round "?"]
[White "Oll, Lembit"]
[Black "Balashov, Yuri"]
[Result "1-0"]
[WhiteElo "2445"]
[BlackElo "2545"]
[PlyCount "57"]
[EventDate "1983.12.??"]
[EventType "tourn"]
[EventRounds "17"]
[EventCountry "URS"]
[EventCategory "9"]
[Source "ChessBase"]
[SourceDate "1999.07.01"]

1. e4 c5 2. Nf3 e6 3. d4 cxd4 4. Nxd4 a6 5. Nc3 Qc7 6. Be2 Nf6 7. O-O d6 8. f4
Be7 9. Kh1 O-O 10. Qe1 Nc6 11. Be3 Na5 12. g4 Nc4 13. Bc1 b5 14. g5 Nd7 15. f5
Nde5 16. f6 Bd8 17. fxg7 Re8 18. b3 Qc5 19. Qf2 Nb6 20. Bh5 Ra7 21. Nce2 Ng6
22. Bxg6 hxg6 23. Qh4 Kxg7 24. Bb2 e5 25. Qh6+ Kg8 26. Rf6 Rae7 27. Raf1 Bb7
28. Ng3 Bc6 29. Ne6 1-0

[Event "URS-ch FL51"]
[Site "Tallinn"]
[Date "1983.??.??"]
[Round "?"]
[White "Oll, Lembit"]
[Black "Gavrikov, Viktor"]
[Result "0-1"]
[WhiteElo "2445"]
[BlackElo "2485"]
[PlyCount "58"]
[EventDate "1983.12.??"]
[EventType "tourn"]
[EventRounds "17"]
[EventCountry "URS"]
[EventCategory "9"]
[Source "ChessBase"]
[SourceDate "1999.07.01"]

1. e4 c5 2. Nf3 d6 3. d4 cxd4 4. Nxd4 Nf6 5. Nc3 a6 6. Bg5 e6 7. f4 Qb6 8. Qd2
Qxb2 9. Rb1 Qa3 10. f5 Nc6 11. fxe6 fxe6 12. Nxc6 bxc6 13. Be2 Be7 14. O-O O-O
15. Kh1 Ra7 16. Qe3 Rd7 17. e5 dxe5 18. Qxe5 Qd6 19. Qa5 Bd8 20. Qa4 Qe5 21.
Bxf6 Bxf6 22. Rf3 c5 23. Bc4 Rb7 24. Bb3 c4 25. Bxc4 Rxb1+ 26. Nxb1 Bb7 27. Rf1
Qe4 28. Rf3 Bd5 29. Na3 Qxf3 0-1

[Event "URS-ch FL51"]
[Site "Tallinn"]
[Date "1983.??.??"]
[Round "?"]
[White "Oll, Lembit"]
[Black "Gulko, Boris"]
[Result "0-1"]
[WhiteElo "2445"]
[BlackElo "2485"]
[PlyCount "48"]
[EventDate "1983.12.??"]
[EventType "tourn"]
[EventRounds "17"]
[EventCountry "URS"]
[EventCategory "9"]
[Source "ChessBase"]
[SourceDate "1999.07.01"]

1. d4 Nf6 2. c4 d6 3. Nc3 Nbd7 4. Nf3 c6 5. e4 e5 6. Be2 Be7 7. O-O O-O 8. d5
a6 9. Nd2 Qc7 10. Qc2 cxd5 11. cxd5 b5 12. b4 Nb6 13. Bb2 Bd7 14. Rac1 Rfc8 15.
Qd1 Qa7 16. Kh1 Ne8 17. Bd3 Bg5 18. a3 Rc7 19. Rc2 Rac8 20. Qe2 Na4 21. Nf3
Nxb2 22. Rxb2 Rxc3 23. Nxg5 h6 24. Nf3 Rxa3 0-1

[Event "URS-ch FL51"]
[Site "Tallinn"]
[Date "1983.??.??"]
[Round "?"]
[White "Oll, Lembit"]
[Black "Makarychev, Sergey"]
[Result "0-1"]
[WhiteElo "2445"]
[BlackElo "2510"]
[PlyCount "66"]
[EventDate "1983.12.??"]
[EventType "tourn"]
[EventRounds "17"]
[EventCountry "URS"]
[EventCategory "9"]
[Source "ChessBase"]
[SourceDate "1999.07.01"]

1. e4 c5 2. Nf3 d6 3. d4 cxd4 4. Nxd4 Nf6 5. Nc3 Nc6 6. Bg5 e6 7. Qd2 a6 8.
O-O-O h6 9. Be3 Be7 10. Be2 Nxd4 11. Qxd4 e5 12. Qa4+ Bd7 13. Qb3 b5 14. f4 Qc7
15. Rhf1 Rc8 16. Kb1 O-O 17. g4 b4 18. Qxb4 a5 19. Qa3 Rfe8 20. g5 Nxe4 21.
Nxe4 Qxc2+ 22. Ka1 Qxe2 23. fxe5 dxe5 24. Nd6 Bxd6 25. Qxd6 Be6 26. Qd2 Rc2 27.
Qxe2 Rxe2 28. Rfe1 Rxe1 29. Rxe1 hxg5 30. Bb6 Rc8 31. Bxa5 Rc2 32. Bc3 f6 33.
a4 Rxh2 0-1

[Event "URS-ch FL51"]
[Site "Tallinn"]
[Date "1983.??.??"]
[Round "?"]
[White "Oll, Lembit"]
[Black "Psakhis, Lev"]
[Result "1/2-1/2"]
[WhiteElo "2445"]
[BlackElo "2525"]
[PlyCount "52"]
[EventDate "1983.12.??"]
[EventType "tourn"]
[EventRounds "17"]
[EventCountry "URS"]
[EventCategory "9"]
[Source "ChessBase"]
[SourceDate "1999.07.01"]

1. e4 e6 2. d4 d5 3. Nc3 Bb4 4. e5 Ne7 5. a3 Bxc3+ 6. bxc3 c5 7. a4 Qa5 8. Bd2
Nbc6 9. Nf3 Bd7 10. Be2 O-O-O 11. O-O f6 12. exf6 gxf6 13. c4 Qc7 14. cxd5 Nxd5
15. c4 Nde7 16. dxc5 e5 17. Be3 Rhg8 18. Qc2 Bh3 19. Nh4 Nd4 20. Bxd4 Rxd4 21.
f4 Qc6 22. Bf3 e4 23. Qf2 Rxc4 24. Be2 Rxc5 25. Qe3 Rc3 26. Qxa7 Be6 1/2-1/2

[Event "URS-ch FL51"]
[Site "Tallinn"]
[Date "1983.??.??"]
[Round "?"]
[White "Polovodin, Igor"]
[Black "Oll, Lembit"]
[Result "1/2-1/2"]
[WhiteElo "2435"]
[BlackElo "2445"]
[PlyCount "60"]
[EventDate "1983.12.??"]
[EventType "tourn"]
[EventRounds "17"]
[EventCountry "URS"]
[EventCategory "9"]
[Source "ChessBase"]
[SourceDate "1999.07.01"]

1. d4 Nf6 2. c4 g6 3. Nc3 Bg7 4. e4 d6 5. Be2 O-O 6. Bg5 c5 7. dxc5 Qa5 8. Bd2
Qxc5 9. Nf3 Bg4 10. Be3 Qa5 11. O-O Nc6 12. Nd2 Bxe2 13. Qxe2 Nd7 14. Nb3 Qa6
15. Rac1 Rac8 16. a3 b6 17. Nd2 e6 18. Rc2 Qb7 19. Nb5 Qb8 20. Nf3 a6 21. Nbd4
Qb7 22. Nxc6 Qxc6 23. Rd1 Nc5 24. Bxc5 bxc5 25. Rcd2 Rfd8 26. b3 Rb8 27. Rd3
Rb7 28. Qe3 Rbd7 29. Qe2 Rb7 30. Qe3 Rbd7 1/2-1/2

[Event "URS-ch FL51"]
[Site "Tallinn"]
[Date "1983.??.??"]
[Round "?"]
[White "Ubilava, Elizbar"]
[Black "Oll, Lembit"]
[Result "1-0"]
[WhiteElo "2465"]
[BlackElo "2445"]
[PlyCount "81"]
[EventDate "1983.12.??"]
[EventType "tourn"]
[EventRounds "17"]
[EventCountry "URS"]
[EventCategory "9"]
[Source "ChessBase"]
[SourceDate "1999.07.01"]

1. d4 Nf6 2. c4 e6 3. Nc3 Bb4 4. Nf3 d5 5. Bg5 Nbd7 6. cxd5 exd5 7. e3 c5 8.
Bd3 Qa5 9. O-O c4 10. Bf5 O-O 11. Qc2 Re8 12. Nd2 g6 13. Bh3 Kg7 14. a3 Bxc3
15. bxc3 h6 16. Bxd7 Bxd7 17. Bxf6+ Kxf6 18. e4 Kg7 19. f3 b5 20. Rfe1 Qc7 21.
Nf1 Qc6 22. Re3 a5 23. Rae1 Be6 24. exd5 Bxd5 25. Qe2 Rxe3 26. Qxe3 Rd8 27.
Qe5+ Kh7 28. Qe7 Rb8 29. Ng3 b4 30. axb4 axb4 31. Ne4 Be6 32. cxb4 c3 33. Rc1
Qc4 34. Qc5 Rxb4 35. Qxc4 Rxc4 36. d5 Bf5 37. Nxc3 Kg7 38. Kf2 Rd4 39. g4 Bd7
40. Ke3 Rc4 41. Ne2 1-0

[Event "URS Cup"]
[Site "Soviet Union"]
[Date "1984.??.??"]
[Round "?"]
[White "Dautov, Rustem"]
[Black "Oll, Lembit"]
[Result "1-0"]
[WhiteElo "2215"]
[BlackElo "2425"]
[PlyCount "83"]
[EventDate "1984.??.??"]
[EventType ""]
[EventRounds "9"]
[EventCountry "URS"]
[Source "ChessBase"]
[SourceDate "1999.11.16"]

1. d4 Nf6 2. Nf3 e6 3. c4 c5 4. d5 exd5 5. cxd5 d6 6. Nc3 g6 7. g3 Bg7 8. Bg2
O-O 9. O-O a6 10. a4 Re8 11. Nd2 Nbd7 12. Ra2 Rb8 13. a5 b5 14. axb6 Nxb6 15.
b3 Nh5 16. Bb2 f5 17. e3 Nf6 18. Ba1 Qe7 19. Re1 Ng4 20. Qc2 Ne5 21. Rd1 g5 22.
Na4 f4 23. exf4 gxf4 24. Nxb6 Rxb6 25. Bc3 Qf7 26. Ra4 Bf5 27. Be4 Bxe4 28.
Rxe4 fxg3 29. hxg3 Qf5 30. Kg2 Rf8 31. Rg1 Ng6 32. Bxg7 Kxg7 33. Nc4 Rxb3 34.
Ne3 Rxe3 35. Qb2+ Kg8 36. Rxe3 Qxd5+ 37. f3 Qg5 38. Rge1 d5 39. Re8 Nh4+ 40.
Kf2 Nf5 41. Rxf8+ Kxf8 42. Qh8+ 1-0

[Event "Wch U20"]
[Site "Kiljava"]
[Date "1984.08.06"]
[Round "4"]
[White "Oll, Lembit"]
[Black "Darcyl, Tomas"]
[Result "1-0"]
[WhiteElo "2425"]
[BlackElo "2285"]
[PlyCount "85"]
[EventDate "1984.??.??"]
[EventType "swiss"]
[EventRounds "13"]
[EventCountry "FIN"]
[Source "ChessBase"]
[SourceDate "1999.11.16"]

1. e4 c5 2. Nf3 d6 3. d4 cxd4 4. Nxd4 Nf6 5. Nc3 a6 6. f4 e5 7. Nf3 Nbd7 8. a4
Be7 9. Bd3 O-O 10. O-O exf4 11. Kh1 Ne5 12. Bxf4 Qc7 13. Qd2 Be6 14. Nd4 Ng6
15. Bg5 Ng4 16. Be2 Bxg5 17. Qxg5 N4e5 18. Rad1 Rad8 19. Qg3 Ne7 20. Rf4 N7c6
21. Nf5 Bxf5 22. Nd5 Qc8 23. Rxf5 Qe6 24. Rf6 Qe8 25. Rh6 Ng6 26. Rh5 Qxe4 27.
Bd3 Qe6 28. c4 f5 29. Qh3 Rde8 30. Rg1 f4 31. Bf5 Rxf5 32. Rxf5 Nd4 33. Nc7
Qxf5 34. Qxf5 Nxf5 35. Nxe8 Kf7 36. Nc7 Ne3 37. Rc1 Ne5 38. b3 Nd3 39. Rc3 Nd1
40. Rc2 Ke7 41. Rd2 Kf6 42. Kg1 N1b2 43. Re2 1-0

[Event "Wch U20"]
[Site "Kiljava"]
[Date "1984.08.09"]
[Round "6"]
[White "Oll, Lembit"]
[Black "Abarca, Manuel"]
[Result "1/2-1/2"]
[WhiteElo "2425"]
[BlackElo "2260"]
[PlyCount "48"]
[EventDate "1984.??.??"]
[EventType "swiss"]
[EventRounds "13"]
[EventCountry "FIN"]
[Source "ChessBase"]
[SourceDate "1999.11.16"]

1. d4 d5 2. c4 e6 3. Nf3 c5 4. cxd5 exd5 5. g3 Nc6 6. Bg2 Nf6 7. O-O Be7 8. Be3
c4 9. Ne5 O-O 10. b3 cxb3 11. Qxb3 Na5 12. Qa4 a6 13. Bd2 Nc4 14. Nxc4 b5 15.
Qa5 bxc4 16. Qxd8 Bxd8 17. Bb4 Re8 18. Nc3 Bb7 19. Rab1 Bc6 20. Rfc1 Bc7 21.
Rb2 Rab8 22. Rcb1 Rb7 23. Bc5 Rxb2 24. Rxb2 Ba5 1/2-1/2

[Event "Wch U20"]
[Site "Kiljava"]
[Date "1984.08.11"]
[Round "8"]
[White "Oll, Lembit"]
[Black "Miralles, Gilles"]
[Result "1-0"]
[WhiteElo "2425"]
[BlackElo "2405"]
[PlyCount "89"]
[EventDate "1984.??.??"]
[EventType "swiss"]
[EventRounds "13"]
[EventCountry "FIN"]
[Source "ChessBase"]
[SourceDate "1999.11.16"]

1. d4 Nf6 2. c4 e6 3. Nc3 Bb4 4. Qc2 c5 5. dxc5 O-O 6. a3 Bxc5 7. Bf4 d5 8. e3
Nc6 9. Nf3 b6 10. Rd1 Bb7 11. Be2 Rc8 12. O-O h6 13. cxd5 exd5 14. Rd2 Qe7 15.
Rfd1 Rfd8 16. Qb1 Qe6 17. Bd3 Ne7 18. Nb5 a6 19. Nc7 Qg4 20. h3 Qh5 21. Nxa6 d4
22. Nxd4 Bxd4 23. exd4 Qd5 24. Bf1 Ne4 25. Rc2 Ng6 26. Nb4 Qf5 27. Be3 Nh4 28.
d5 Rd6 29. Rxc8+ Bxc8 30. Rd4 Rg6 31. Qxe4 Nf3+ 32. Qxf3 Qxf3 33. Nc6 Qf6 34.
d6 Bd7 35. Ne7+ Kf8 36. Nxg6+ Qxg6 37. Bd3 Qe6 38. Be2 Qe5 39. a4 f5 40. Rd2 f4
41. Bd4 Qe4 42. Bc3 Qxa4 43. Rd4 Qc6 44. Rxf4+ Ke8 45. Bh5+ 1-0

[Event "Wch U20"]
[Site "Kiljava"]
[Date "1984.08.12"]
[Round "9"]
[White "Hansen, Curt"]
[Black "Oll, Lembit"]
[Result "1/2-1/2"]
[WhiteElo "2485"]
[BlackElo "2425"]
[PlyCount "36"]
[EventDate "1984.??.??"]
[EventType "swiss"]
[EventRounds "13"]
[EventCountry "FIN"]
[Source "ChessBase"]
[SourceDate "1999.11.16"]

1. Nf3 Nf6 2. c4 c5 3. Nc3 d5 4. cxd5 Nxd5 5. d4 cxd4 6. Qxd4 Nxc3 7. Qxc3 Nc6
8. e4 e6 9. Bb5 Bd7 10. O-O Qb6 11. Be2 Qc5 12. Bd2 Qxc3 13. Bxc3 f6 14. Rfd1
e5 15. Bc4 O-O-O 16. Rac1 Kb8 17. Bb5 Be7 18. Ba5 Nxa5 1/2-1/2

[Event "Wch U20"]
[Site "Kiljava"]
[Date "1984.08.15"]
[Round "11"]
[White "Ostenstad, Berge"]
[Black "Oll, Lembit"]
[Result "0-1"]
[WhiteElo "2310"]
[BlackElo "2425"]
[PlyCount "102"]
[EventDate "1984.??.??"]
[EventType "swiss"]
[EventRounds "13"]
[EventCountry "FIN"]
[Source "ChessBase"]
[SourceDate "1999.11.16"]

1. d4 Nf6 2. c4 c5 3. d5 d6 4. Nc3 g6 5. e4 Bg7 6. Be2 e6 7. Nf3 O-O 8. O-O Re8
9. Nd2 exd5 10. cxd5 Nbd7 11. Qc2 a6 12. a4 Rb8 13. Nc4 Nb6 14. Na3 Bd7 15. a5
Nc8 16. Nc4 Bb5 17. Bg5 h6 18. Bh4 Qe7 19. f3 Qf8 20. f4 Bxc4 21. Bxc4 Ng4 22.
Rae1 Bd4+ 23. Kh1 Qg7 24. Qd2 g5 25. Bg3 b5 26. axb6 Rxb6 27. Rf3 Ne7 28. b3
gxf4 29. Bxf4 Nf2+ 30. Rxf2 Bxc3 31. Qc1 Bxe1 32. Qxe1 Ng6 33. h3 h5 34. Bg5
Qd4 35. Re2 Rb7 36. Bd2 Qf6 37. Bc3 Ne5 38. Re3 h4 39. Qd1 Qg5 40. Re1 Qg3 41.
Bxa6 Qxc3 42. Bxb7 Rb8 43. Ba6 Rxb3 44. Bc8 Qg3 45. Re2 c4 46. Ba6 Rc3 47. Qe1
Nd3 48. Qxc3 Nf2+ 49. Rxf2 Qxc3 50. Rf1 Qd4 51. Rc1 c3 0-1

[Event "Wch U20"]
[Site "Kiljava"]
[Date "1984.08.16"]
[Round "12"]
[White "Stohl, Igor"]
[Black "Oll, Lembit"]
[Result "1/2-1/2"]
[WhiteElo "2405"]
[BlackElo "2425"]
[PlyCount "60"]
[EventDate "1984.??.??"]
[EventType "swiss"]
[EventRounds "13"]
[EventCountry "FIN"]
[Source "ChessBase"]
[SourceDate "1999.11.16"]

1. d4 f5 2. g3 d6 3. Bg2 Nf6 4. Nf3 g6 5. b3 Bg7 6. Bb2 c6 7. O-O O-O 8. c4 a6
9. Nc3 b5 10. Nd2 Qb6 11. a4 b4 12. Na2 Nfd7 13. Nf3 a5 14. Nc1 Qc7 15. e4 fxe4
16. Ng5 Nf6 17. Nxe4 Nxe4 18. Bxe4 Nd7 19. Nd3 Nf6 20. Bg2 Bf5 21. Qe2 Rae8 22.
Rfe1 Nd7 23. Rad1 e5 24. dxe5 Nxe5 25. Nxe5 Bxe5 26. Bxe5 Rxe5 27. Qd2 Rfe8 28.
Rxe5 Rxe5 29. h3 h5 30. Kh2 Kh7 1/2-1/2

[Event "Wch U20"]
[Site "Kiljava"]
[Date "1984.08.17"]
[Round "13"]
[White "Oll, Lembit"]
[Black "Thorsteins, Karl"]
[Result "1/2-1/2"]
[WhiteElo "2425"]
[BlackElo "2375"]
[PlyCount "134"]
[EventDate "1984.??.??"]
[EventType "swiss"]
[EventRounds "13"]
[EventCountry "FIN"]
[Source "ChessBase"]
[SourceDate "1999.11.16"]

1. e4 c5 2. Nf3 Nc6 3. d4 cxd4 4. Nxd4 Nf6 5. Nc3 d6 6. Bg5 e6 7. Qd2 Be7 8.
O-O-O O-O 9. f4 h6 10. Bh4 e5 11. Nf5 Bxf5 12. exf5 exf4 13. Qxf4 d5 14. Kb1 d4
15. Bxf6 Bxf6 16. Ne4 Be5 17. Qf3 Rc8 18. a3 Na5 19. Bd3 Nc4 20. Bxc4 Rxc4 21.
Qd3 Qc7 22. g4 Rc8 23. Rd2 a5 24. g5 hxg5 25. Rg2 Qc6 26. Rhg1 Bf4 27. Nxg5 Be3
28. Ne6 g6 29. Qd1 Rxc2 30. Rxg6+ fxg6 31. Rxg6+ Kf7 32. Ng5+ Bxg5 33. Rxc6
R2xc6 34. Qh5+ Kf6 35. Qg6+ Ke5 36. Qxg5 R8c7 37. f6+ Ke6 38. Qxa5 Kxf6 39. Qd5
Rh7 40. Qxd4+ Kf7 41. Qd5+ Kg6 42. a4 Rg7 43. a5 Rcc7 44. Ka2 Rcd7 45. Qe4+ Kh6
46. Ka3 Rde7 47. Qf4+ Kh7 48. b4 Rd7 49. Ka4 Rdf7 50. Qh4+ Kg8 51. Qh6 Rh7 52.
Qg6+ Rhg7 53. Qd6 Kh7 54. Qe6 Re7 55. Qf5+ Kg8 56. Kb5 Ref7 57. Qc8+ Kh7 58.
Qh3+ Kg8 59. Qe6 Kh7 60. h4 Re7 61. Qf5+ Kh6 62. Qf8 Kh5 63. Kb6 Kxh4 64. Ka7
Kg5 65. b5 Kg6 66. Qh8 Kf7 67. b6 Ke6 1/2-1/2

[Event "EU-ch U21"]
[Site "Groningen"]
[Date "1984.12.20"]
[Round "1"]
[White "De Wit, Jan"]
[Black "Oll, Lembit"]
[Result "0-1"]
[WhiteElo "2395"]
[BlackElo "2395"]
[PlyCount "98"]
[EventDate "1984.12.20"]
[EventType "swiss"]
[EventRounds "13"]
[EventCountry "NED"]
[Source "ChessBase"]
[SourceDate "1999.11.16"]

1. e4 c5 2. Ne2 e6 3. d4 cxd4 4. Nxd4 Nf6 5. Nc3 d6 6. g4 h6 7. h4 Be7 8. Qf3
g6 9. g5 hxg5 10. Bxg5 a6 11. O-O-O e5 12. Nde2 Bg4 13. Qg3 Nbd7 14. f3 Be6 15.
Bh3 Bxh3 16. Rxh3 Rc8 17. f4 Qc7 18. Qg2 b5 19. fxe5 dxe5 20. Rd2 b4 21. Nd5
Nxd5 22. exd5 Qa5 23. Kb1 Bxg5 24. Qxg5 Rh5 25. Qe3 Rc4 26. Qg3 Qd8 27. Qd3
Rhxh4 28. Rxh4 Qxh4 29. b3 Rc5 30. c3 bxc3 31. Nxc3 Qh1+ 32. Kb2 a5 33. Rd1
Qg2+ 34. Rd2 Qg1 35. Rd1 Qf2+ 36. Rd2 Qe1 37. Rc2 Kf8 38. Qh3 Ke7 39. d6+ Kxd6
40. Qf3 Ke7 41. Nd5+ Kf8 42. Nc3 Kg7 43. Rf2 f5 44. Rh2 e4 45. Qh3 Nf6 46. Qh8+
Kf7 47. Rc2 Qg3 48. a3 Qe5 49. Qa8 e3 0-1

[Event "EU-ch U21"]
[Site "Groningen"]
[Date "1984.12.23"]
[Round "4"]
[White "Oll, Lembit"]
[Black "Romero Holmes, Alfonso"]
[Result "0-1"]
[WhiteElo "2395"]
[BlackElo "2320"]
[PlyCount "60"]
[EventDate "1984.12.20"]
[EventType "swiss"]
[EventRounds "13"]
[EventCountry "NED"]
[Source "ChessBase"]
[SourceDate "1999.11.16"]

1. d4 Nf6 2. c4 e5 3. dxe5 Ng4 4. Nf3 Bc5 5. e3 Nc6 6. Nc3 Ngxe5 7. Nxe5 Nxe5
8. Be2 O-O 9. O-O Re8 10. b3 a5 11. Bb2 Ra6 12. Ne4 Ba7 13. Qd5 Rae6 14. Qxa5
Bb6 15. Qc3 Qh4 16. f4 Rh6 17. h3 d5 18. cxd5 Bxh3 19. gxh3 Qxh3 20. Kf2 Qh4+
21. Ng3 Qh2+ 22. Ke1 Qxg3+ 23. Kd1 Nd7 24. Rf3 Qg2 25. Rf2 Qxd5+ 26. Kc2 Rc6
27. Bc4 Qe4+ 28. Kd1 Nf6 29. Re2 Rd6+ 30. Rd2 Red8 0-1

[Event "EU-ch U21"]
[Site "Groningen"]
[Date "1984.12.28"]
[Round "8"]
[White "Oll, Lembit"]
[Black "Nijboer, Friso"]
[Result "1-0"]
[WhiteElo "2395"]
[BlackElo "2260"]
[PlyCount "85"]
[EventDate "1984.12.20"]
[EventType "swiss"]
[EventRounds "13"]
[EventCountry "NED"]
[Source "ChessBase"]
[SourceDate "1999.11.16"]

1. d4 Nf6 2. c4 e6 3. Nf3 b6 4. Nc3 Bb7 5. a3 d5 6. cxd5 Nxd5 7. Qc2 Nxc3 8.
Qxc3 Nd7 9. Bg5 f6 10. Bh4 Bd6 11. e3 O-O 12. Bb5 Qe8 13. Bg3 Rc8 14. Rc1 Bxg3
15. hxg3 c6 16. Bc4 Rf7 17. b4 c5 18. Qb3 Bxf3 19. gxf3 cxd4 20. O-O Nf8 21.
Bb5 Qd8 22. Rcd1 Rfc7 23. Rxd4 Qe7 24. Rfd1 Rc3 25. Qa4 Qc7 26. Kg2 h6 27. Ba6
Rb8 28. Rd6 Rc2 29. Rd7 Nxd7 30. Rxd7 Qc6 31. Bb5 Qc8 32. Qxa7 Qf8 33. Rxg7+
Qxg7 34. Qxb8+ Qf8 35. Qxb6 Qe7 36. Qd4 Rc1 37. Bc4 Kf8 38. b5 Rb1 39. a4 h5
40. a5 e5 41. Qd5 Kg7 42. Qg8+ Kh6 43. Bd3 1-0

[Event "EU-ch U21"]
[Site "Groningen"]
[Date "1984.12.31"]
[Round "11"]
[White "Thorsteins, Karl"]
[Black "Oll, Lembit"]
[Result "1/2-1/2"]
[WhiteElo "2415"]
[BlackElo "2395"]
[PlyCount "66"]
[EventDate "1984.12.20"]
[EventType "swiss"]
[EventRounds "13"]
[EventCountry "NED"]
[Source "ChessBase"]
[SourceDate "1999.11.16"]

1. d4 Nf6 2. c4 c5 3. d5 g6 4. Nc3 Bg7 5. e4 O-O 6. Bd3 e6 7. h3 exd5 8. exd5
Re8+ 9. Nge2 d6 10. Bg5 Nbd7 11. f4 h6 12. Bh4 b5 13. Nxb5 Rb8 14. O-O Qb6 15.
Nec3 Ra8 16. Qc2 a6 17. Na4 Qb8 18. Nbc3 Nb6 19. Nxb6 Qxb6 20. Bxg6 fxg6 21.
Qxg6 Rf8 22. Rae1 Qd8 23. g4 Ra7 24. Ne4 Raf7 25. Nxf6+ Rxf6 26. Bxf6 Qxf6 27.
Qxf6 Bxf6 28. Re2 Bd7 29. Rf3 a5 30. Kg2 a4 31. Kg3 Kf7 32. Rd3 Rb8 33. Rdd2
Rb4 1/2-1/2

[Event "EU-ch U21"]
[Site "Groningen"]
[Date "1985.01.02"]
[Round "12"]
[White "Oll, Lembit"]
[Black "Norwood, David"]
[Result "1-0"]
[WhiteElo "2395"]
[BlackElo "2290"]
[PlyCount "71"]
[EventDate "1984.12.20"]
[EventType "swiss"]
[EventRounds "13"]
[EventCountry "NED"]
[Source "ChessBase"]
[SourceDate "1999.11.16"]

1. d4 Nf6 2. c4 e6 3. Nc3 c5 4. d5 exd5 5. cxd5 d6 6. Nf3 g6 7. Bf4 Bg7 8. Qa4+
Bd7 9. Qb3 Qc7 10. e4 O-O 11. Nd2 Nh5 12. Be3 f5 13. exf5 Bxf5 14. Be2 Nf6 15.
h3 Na6 16. a3 Rae8 17. O-O Re7 18. Rae1 Qd7 19. Bf4 Nc7 20. Qxb7 Bxh3 21. gxh3
Qxh3 22. Bf3 Bh6 23. Bg2 Qh5 24. Rxe7 Bxf4 25. Nf3 Ng4 26. Rfe1 Bg3 27. Qxc7
Bxf2+ 28. Kf1 Bd4 29. Ke2 Nh2 30. Rxh7 Re8+ 31. Kd2 Nxf3+ 32. Bxf3 Qg5+ 33. Kc2
Qf5+ 34. Be4 Qf2+ 35. Re2 Qf1 36. Qxd6 1-0

[Event "EU-ch U21"]
[Site "Groningen"]
[Date "1985.01.03"]
[Round "13"]
[White "Rasmussen, Karsten"]
[Black "Oll, Lembit"]
[Result "1-0"]
[WhiteElo "2275"]
[BlackElo "2395"]
[PlyCount "97"]
[EventDate "1984.12.20"]
[EventType "swiss"]
[EventRounds "13"]
[EventCountry "NED"]
[Source "ChessBase"]
[SourceDate "1999.11.16"]

1. e4 c5 2. Nf3 e6 3. d4 cxd4 4. Nxd4 Nf6 5. Nc3 d6 6. g4 Nc6 7. g5 Nd7 8. Be3
Nb6 9. Qd2 d5 10. exd5 exd5 11. O-O-O Be7 12. h4 O-O 13. f4 Bg4 14. Re1 Qd7 15.
f5 Rfe8 16. f6 Bc5 17. Nxc6 Bxe3 18. Rxe3 bxc6 19. Bd3 Rxe3 20. Qxe3 d4 21. Qe4
g6 22. Ne2 Re8 23. Qxd4 Nd5 24. Nc3 Bf3 25. Rf1 Qh3 26. Qf2 Nxc3 27. bxc3 Bg4
28. Re1 Rf8 29. Re3 Qh1+ 30. Qe1 Qd5 31. Re8 Be6 32. Rxf8+ Kxf8 33. Qg3 Qd8 34.
Qe5 Qb6 35. Qd6+ Kg8 36. Qe7 h6 37. Qe8+ Kh7 38. Qf8 Qe3+ 39. Kb2 Qb6+ 40. Qb4
Qc7 41. Bc4 Bxc4 42. Qxc4 hxg5 43. hxg5 Kg8 44. Qc5 Qb7+ 45. Ka1 Qa6 46. a3 Qa4
47. Kb2 Qa6 48. Qe5 Qc4 49. a4 1-0